Property-rights regimes and natural resources (Registro nro. 13206)

Detalles MARC
000 -CABECERA
Campo de control 003460000a22001210004500
090 ## - CLASIFICACIÓN LOCAL
Colección AR
Consecutivo 04108
041 0# - IDIOMA
Código de idioma para texto/pista de sonido o título separado
100 1# - ASIENTO PRINCIPAL--NOMBRE PERSONAL
Nombre personal Schlager, Edella
245 10 - MENCION DE TITULO
Título Property-rights regimes and natural resources
Version a conceptual analysis
700 1# - ASIENTO SECUNDARIO - NOMBRE PERSONAL
Nombre personal Ostrom, Elinor
773 1# - Item fuente:
Título Land Economics
Descripción física 3
Paginas del Articulo 249-262
Lugar, editorial y fecha de publicación 1992
Información sobre la relación 68
942 ## - ELEMENTOS ADICIONALES (KOHA)
Tipo de ítem Artículo
Existencias
Withdrawn status Lost status Damaged status No para préstamo Colección Ubicación Permanente Ubicación actual Fecha de adquisición Datos de publicación Seriada Total Checkouts Número topográfico Inventario / Código de Barras Date last seen Ejemplar Price effective from Forma de adquisición Tipo de material
      No para Préstamo Hemeroteca Bogotá Bogotá 10/01/2006 Fuera de circulación   AR 04108 022756 25/03/2015 1 25/03/2015   Artículo